000 01406nam a2200289 4500
003 EC-UNACH
006 s||||gr|||| 00| 00
008 150116t9999 mx r gr 000 0 spa d
020 _a978-607-17-0661-4
040 _aEC-UNACH
_cEC-UNACH
041 _aspa
082 0 4 _223
_a306.89
_bL017438
100 _aZicavo, Nelson
245 _aCrianza compartida
250 _aPrimera Edición
264 _aMexico
_bTrillas
_c2010
300 _a144 paginas
_bGráficos
_c23 cm.
500 _aLa separación o disolución del vinculo conyugal, ha sido y seguirá siendo uno de los eventos de mayor impacto en la vida de las personas
505 _aEl inicio del amor a la aventura.- Estado y familia carencias y consecuencias.- Divorcio y separacion, consecuencias relacionales en la familia.- Separacion conyugal o divorcio, e influencia en el comportamiento y rendimiento escolar de los hijos.- Divorcio conyugal contra el divocrcio parental, dos veces divorciado.- El divorcio sin divorcio.- La alineación parental y el proceso de la padrectomia.- Nacimiento de la crianza compartida.- Reflexiones sobre una nueva masculinidad.- El daño imprevisible de la sugestión maliciosa
650 _aCRIANZA
650 _aDIVORCIO
650 _aDISCRIMINACIÓN
942 _2ddc
_c1
999 _c14453